01248nam a2200289 a 450000100060000000300080000600500170001400800410003102000180007202000240009003500190011404000320013304100080016508200260017311100820019924501460028126001390042730000360056650400410060265000370064370000300068070000270071083000410073794200120077899900170079095201510080767013BD-RjUL20211209081615.0870210s1987 ne a b 101 0 eng  a9061936209(v) a9061931908 (series) a(BD-RjUL)67144 aDLCcDLCdDLCdBD-RjULbeng aeng00223a595.745bINP 19872 aInternational Symposium on Trichopteran(5th :d1986 :cLyon, France)919844810aProceedings of the fifth International Symposium on Trichoptera, Lyon, France, 21-26 July 1986 /cedited by Michel Bournaud and Henri Tachet. aDordrecht ;aBoston :bW. Junk ;aHingham, MA, USA :bDistributors for the United States and Canada Kluwer Academic Publishers,c1987. axxiii, 397 p. :bill. ;c27 cm. aIncludes bibliographies and indexes. 0aCaddisfliesxCongresses.91984501 aBournaud, Michel.91984511 aTachet, Henri.9198452 aSeries entomologica ;vv. 399198458 2ddccBK c67013d67013 00102ddc40718NFICaRUCLbRUCLcReadingd1989-09-07eKarim Internationalg250.00l0o595.745 INP 1987r2017-03-21 00:00:00tC-1w2017-03-21yBK